| 000 | 00660nam a2200217Ia 4500 | ||
|---|---|---|---|
| 003 | GCL | ||
| 008 | 140319s9999 xx 000 0 ara d | ||
| 020 | _a2174005977 | ||
| 040 |
_aGCL / _cGCL |
||
| 082 | 0 | 4 |
_a155.4 _bن ن |
| 100 | 1 | _aنوال محمد عطية | |
| 245 | 1 | 0 |
_aالنامية وعلم النفس / _cنوال محمد عطية |
| 250 | _aالاولى | ||
| 260 |
_aالقاهرة : _bمكتبة الانجلوالمصرية ، _c2000 |
||
| 300 |
_a112 ص ؛ _c224 سم |
||
| 650 | 0 | 4 | _aالاطفال الرضع |
| 650 | 0 | 4 | _aالاطفال - نمو |
| 650 | 0 | 4 | _aالنمو |
| 650 | 0 | 4 | _aالاطفال - علم نفس |
| 942 |
_2ddc _cBK |
||
| 999 |
_c960 _d960 |
||